[Event "Online Olym Div3 C"]
[Site "Chess.com INT"]
[Date "2021.08.27"]
[Round "1.5"]
[White "Mwape, Mwewa"]
[Black "Selogelo, Othata"]
[Result "0-1"]
[WhiteElo "1798"]
[BlackElo "1771"]
[PlyCount "76"]
[EventDate "2021.08.27"]
[EventType "team-tourn (rapid)"]
[EventRounds "9"]
[EventCountry "USA"]
[SourceTitle "CBM 204 Extra"]
[Source "ChessBase"]
[SourceDate "2021.11.30"]
[SourceVersion "1"]
[SourceVersionDate "2021.11.30"]
[SourceQuality "1"]
[WhiteTeam "Zambia"]
[BlackTeam "Botswana"]
[WhiteTeamCountry "ZAM"]
[BlackTeamCountry "BOT"]

1. e4 c5 2. Nf3 e6 3. d4 cxd4 4. Nxd4 Nf6 5. Nc3 d6 6. Be2 Be7 7. Be3 a6 8. g4 h6 9. f4 Nh7 10. Nf3 Nc6 11. h4 Nf6 12. Rg1 h5 13. g5 Ng4 14. Qd2 Nxe3 15. Qxe3 g6 16. 0-0-0 Qc7 17. Bd3 Nb4 18. Be2 Nc6 19. Kb1 b5 20. f5 b4 21. Na4 exf5 22. Nb6 Rb8 23. Nxc8 Qxc8 24. exf5 Qxf5 25. Rxd6 Qc8 26. Re1 0-0 27. Rxc6 Qxc6 28. Qxe7 Rfe8 29. Ne5 Qd5 30. Nd7 Qd2 31. Rd1 Qxe2 32. Nf6+ Kg7 33. Nxe8+ Rxe8 34. Qxe2 Rxe2 35. c3 bxc3 36. bxc3 Re4 37. Rd4 Rxd4 38. cxd4 f5 0-1

[Event "Online Olym Div3 C"]
[Site "Chess.com INT"]
[Date "2021.08.27"]
[Round "3.5"]
[White "Selogelo, Othata"]
[Black "Fowler, Hugo"]
[Result "0-1"]
[WhiteElo "1771"]
[BlackElo "1840"]
[PlyCount "112"]
[EventDate "2021.08.27"]
[EventType "team-tourn (rapid)"]
[EventRounds "9"]
[EventCountry "USA"]
[SourceTitle "CBM 204 Extra"]
[Source "ChessBase"]
[SourceDate "2021.11.30"]
[SourceVersion "1"]
[SourceVersionDate "2021.11.30"]
[SourceQuality "1"]
[WhiteTeam "Botswana"]
[BlackTeam "Wales"]
[WhiteTeamCountry "BOT"]
[BlackTeamCountry "WLS"]

1. e4 e5 2. Nf3 Nc6 3. Bc4 Bc5 4. b4 Bb6 5. 0-0 d6 6. a3 Nf6 7. d3 h6 8. h3 Be6 9. Bxe6 fxe6 10. Nbd2 0-0 11. Nc4 Qe8 12. Nxb6 axb6 13. Be3 Qf7 14. Nh2 Qg6 15. Ng4 Nh5 16. g3 Nxg3 17. fxg3 h5 18. Rxf8+ Rxf8 19. Qe2 hxg4 20. Qxg4 Qxg4 21. hxg4 Nd4 22. Bxd4 exd4 23. Rf1 Ra8 24. Ra1 b5 25. Kf2 Kf7 26. Ke2 Kg6 27. Kd2 Kg5 28. Ke2 Kxg4 29. Rf1 Rxa3 30. Rf7 g5 31. Rg7 Rc3 32. Kd2 e5 33. Rg6 Rc6 34. Rg7 Rc3 35. Rg6 Rc6 36. Rg7 Rb6 37. Rg6 Ra6 38. Rg7 Ra7 39. Ke2 b6 40. Kd2 Ra4 41. Rxc7 Kxg3 42. Rg7 g4 43. c4 bxc4 44. dxc4 Rxb4 45. Kd3 Kf3 46. Rf7+ Kg2 47. Rg7 g3 48. Rg6 Kf2 49. Rf6+ Kg1 50. Rg6 g2 51. c5 dxc5 52. Rg5 Rb3+ 53. Kc2 Rf3 54. Rxe5 Kf2 55. Rg5 g1Q 56. Rxg1 Kxg1 0-1